Major Bodies of Water in Canada Quiz Stats

 Plays Quiz not verified by Sporcle

Score 0/24 Timer 07:00
0 Plays Today
% Correct
Pacific Ocean
93%
Hudson Bay
92.7%
North Atlantic Ocean
92.4%
Arctic Ocean
85%
James Bay
79.1%
Lake Superior
65.6%
Lake Erie
64.8%
Lake Ontario
64.3%
Lake Huron
64.2%
Great Bear Lake
61.4%
Great Slave Lake
60.6%
Bay of Fundy
58.5%
% Correct
Lake Winnipeg
55.9%
Baffin Bay
52.9%
Beaufort Sea
45.7%
Gulf of St Lawrence
43.5%
Hudson Strait
40.4%
Labrador Sea
40%
Davis Strait
35.7%
Lake Manitoba
31.7%
Ungava Bay
29.2%
Lake Winnipegosis
25.5%
Foxe Basin
24.1%
Strait of Belle Isle
15.7%

You're not logged in!

Compare scores with friends on all Sporcle quizzes.
OR
Log In

Show Comments

Extras

Created Aug 14, 2015ReportNominate
Tags:Canada Quiz, body, lake, major, map, ocean, river, sea, water

Top Quizzes Today


Score Distribution

Your Account Isn't Verified!

In order to create a playlist on Sporcle, you need to verify the email address you used during registration. Go to your Sporcle Settings to finish the process.

Report this User

Report this user for behavior that violates our Community Guidelines.

Details: